[Event "Euskadi-chT"]
[Site "Bergara"]
[Date "2010.03.13"]
[Round "9.2"]
[White "Galarza Bilbao, Xabier"]
[Black "Etxaurren Gavina, Asier"]
[Result "1-0"]
[WhiteElo "2147"]
[BlackElo "1977"]
[PlyCount "117"]
[EventDate "2010.01.09"]
[EventType "team-tourn"]
[EventRounds "9"]
[EventCountry "ESP"]
[SourceTitle "EXT 2011"]
[Source "ChessBase"]
[SourceDate "2010.11.26"]
[SourceVersion "1"]
[SourceVersionDate "2010.11.26"]
[SourceQuality "1"]

1. d4 Nf6 2. c4 g6 3. Nc3 d5 4. cxd5 Nxd5 5. e4 Nxc3 6. bxc3 Bg7 7. Nf3 c5 8. Be3 Qa5 9. Qd2 cxd4 10. cxd4 Qxd2+ 11. Kxd2 0-0 12. Rb1 Rd8 13. Bd3 Nc6 14. d5 Ne5 15. Nxe5 Bxe5 16. f4 Bg7 17. Ke2 b6 18. Rhc1 e6 19. Bc4 exd5 20. Bxd5 Bg4+ 21. Kf2 Rac8 22. h3 Be6 23. Bxe6 fxe6 24. Rxc8 Rxc8 25. Rc1 Rxc1 26. Bxc1 Kf7 27. Ke2 Bf8 28. Kd3 Ke8 29. g4 Kd7 30. e5 Bh6 31. Ke4 b5 32. Bd2 Bf8 33. f5 gxf5+ 34. gxf5 exf5+ 35. Kxf5 Be7 36. e6+ Ke8 37. Ke5 a6 38. Kd5 b4 39. Kc4 a5 40. Be3 a4 41. Bd2 b3 42. axb3 axb3 43. Kxb3 Bf6 44. Kc4 Ke7 45. Kd5 Ke8 46. Ke4 Bh4 47. Bh6 Bf6 48. Kf5 Be7 49. Bg5 Bf8 50. Bf6 Bh6 51. Kg4 Bd2 52. Kh5 h6 53. Kg6 Be3 54. h4 Bd2 55. h5 Be3 56. Bg7 Ke7 57. Bxh6 Bd4 58. Kf5 Bh8 59. Bg5+ 1-0

[Event "Euskadi-chT"]
[Site "Bergara"]
[Date "2010.01.23"]
[Round "3.3"]
[White "Etxaurren Gavina, Asier"]
[Black "Monje Peinado, Roberto"]
[Result "1/2-1/2"]
[WhiteElo "1977"]
[BlackElo "2013"]
[PlyCount "102"]
[EventDate "2010.01.09"]
[EventType "team-tourn"]
[EventRounds "9"]
[EventCountry "ESP"]
[SourceTitle "EXT 2011"]
[Source "ChessBase"]
[SourceDate "2010.11.26"]
[SourceVersion "1"]
[SourceVersionDate "2010.11.26"]
[SourceQuality "1"]

1. d4 f5 2. g3 g6 3. Bg2 Nf6 4. b3 Bg7 5. Bb2 0-0 6. Nf3 Ne4 7. 0-0 d6 8. c4 Nc6 9. a3 e5 10. dxe5 dxe5 11. Qc2 Qe7 12. Rd1 Be6 13. Nc3 Nxc3 14. Qxc3 Rad8 15. e3 Bf6 16. h4 e4 17. Nd4 Ne5 18. Qc2 Nd3 19. Bc3 h6 20. Bf1 Ne5 21. Be2 Bf7 22. c5 Qxc5 23. b4 Qe7 24. b5 c5 25. bxc6 Nxc6 26. Nxc6 bxc6 27. Bb4 Qc7 28. Bxf8 Bxa1 29. Bxh6 Rxd1+ 30. Qxd1 Be5 31. h5 Qd6 32. hxg6 Qxd1+ 33. Bxd1 Bxg6 34. Bf4 Bxf4 35. gxf4 Bf7 36. f3 Bd5 37. fxe4 Bxe4 38. Bb3+ Kg7 39. Bc4 Kf6 40. Kf2 Ke7 41. Ke2 Kd6 42. Kd2 Kc5 43. Kc3 Bb1 44. Be2 Kd5 45. Bf3+ Be4 46. Be2 c5 47. Bf1 Bf3 48. Bd3 Bg4 49. Bc2 a5 50. Bd3 Bh3 51. Bc2 c4 1/2-1/2